Inkluzívne zamestnávanie
Salvato in:
| Autore principale: | |
|---|---|
| Altri autori: | , |
| Natura: | Libro |
| Lingua: | slovacco |
| Pubblicazione: |
Bratislava
Inštitút zamestnanosti
2013
|
| Soggetti: | |
| Tags: |
Nessun Tag, puoi essere il primo ad aggiungerne!!
|
MARC
| LEADER | 00000nam a2200000 4500 | ||
|---|---|---|---|
| 001 | 0181999 | ||
| 005 | 20240314094330.0 | ||
| 020 | |a 978-80-970204-4-6 | ||
| 041 | 0 | |a slo | |
| 044 | |a SK | ||
| 245 | 1 | 0 | |a Inkluzívne zamestnávanie |c Viliam Páleník, Michal Páleník, Ivana Oravcová |
| 264 | 1 | |a Bratislava |b Inštitút zamestnanosti |c 2013 | |
| 300 | |a 105 s. | ||
| 610 | 2 | 0 | |a nezamestnanosť dlhodobá |
| 610 | 2 | 0 | |a regióny |
| 610 | 2 | 0 | |a vzdelanie |
| 610 | 2 | 0 | |a demografia |
| 610 | 2 | 0 | |a opatrenia racionalizačné |
| 610 | 2 | 0 | |a zamestnanie |
| 610 | 2 | 0 | |a trh práce |
| 610 | 2 | 0 | |a úspory |
| 610 | 2 | 0 | |a financie verejné |
| 610 | 2 | 0 | |a miera nezamestnanosti |
| 610 | 2 | 0 | |a miera zamestnanosti |
| 610 | 2 | 0 | |a legislatíva |
| 610 | 2 | 0 | |a zákony |
| 610 | 2 | 0 | |a Slovensko |
| 100 | 1 | |a Páleník, Viliam | |
| 700 | 1 | |a Páleník, Michal | |
| 700 | 1 | |a Oravcová, Ivana | |